[Event "18th IND-chT Women 2020"]
[Site "Ahmedabad"]
[Date "2020.02.12"]
[Round "6.12"]
[White "Harshini B"]
[Black "Mahalakshmi, M."]
[Result "*"]
[WhiteElo "1603"]
[BlackElo "2255"]
[Annotator "TA"]
[PlyCount "41"]
[EventDate "2020.02.05"]
[EventCountry "IND"]
[SourceTitle "playchess.com"]
[Source "ChessBase"]
[SourceQuality "1"]

{[%evp 21,23,0,14,0]} 1. d4 Nf6 2. c4 b6 3. Nf3 e6 4. g3 Ba6 5. Qa4 Bb7 6. Bg2 c5 7. O-O Be7 8. Nc3 O-O 9. Rd1 cxd4 10. Nxd4 Bxg2 11. Kxg2 Qc8 12. e4 {[#] E15: Queen's Indian: 4 g3 sidelines, 4 g3 Ba6 and 4 g3 Bb7 early deviations.} {Predecessor:} Nc6 $146 13. Nxc6 Qxc6 14. Qxc6 dxc6 15. e5 Ng4 16. Re1 Bc5 17. Re2 Bd4 18. Re4 Bxc3 19. bxc3 f5 20. exf6 Nxf6 21. Rxe6 {1-0 (46) Volkov,S (2578)-Pogosyan,S (2459) Khanty-Mansiysk 2019} *

[Event "18th IND-chT Women 2020"]
[Site "Ahmedabad"]
[Date "2020.02.12"]
[Round "6.12"]
[White "Harshini B"]
[Black "Mahalakshmi, M."]
[Result "0-1"]
[WhiteElo "1603"]
[BlackElo "2255"]
[Annotator "TA"]
[PlyCount "58"]
[EventDate "2020.02.05"]
[EventCountry "IND"]
[SourceTitle "playchess.com"]
[Source "ChessBase"]
[SourceQuality "1"]

{[%evp 21,68,-9,20,12,23,16,63,38,39,54,38,23,15,14,32,-6,-11,-18,0,0,0,0,0,0,0,0,0,0,33,-8,-14,-17,0,0,13,25,61,41,756,-79,-70,-814,455,0,114,103,1356,-1079,1061]} 1. d4 Nf6 2. c4 b6 3. Nf3 e6 4. g3 Ba6 5. Qa4 Bb7 6. Bg2 c5 7. O-O Be7 8. Nc3 O-O 9. Rd1 cxd4 10. Nxd4 Bxg2 11. Kxg2 Qc8 12. e4 {E15: Queen's Indian: 4 g3 sidelines, 4 g3 Ba6 and 4 g3 Bb7 early deviations.} Qb7 13. f3 {[#]} Na6 $146 ({Predecessor:} 13... a6 14. Qc2 Nc6 15. Bf4 Rfc8 16. Nxc6 Qxc6 17. e5 Ne8 18. Ne4 f5 19. exf6 Nxf6 20. Bd6 Bxd6 21. Nxd6 {½-½ (36) Puzanov,V (2287)-Duchardt,A (2322) ICCF email 2018}) 14. Qc2 {White is slightly better.} Rac8 15. Qe2 d6 16. b3 d5 17. e5 Nd7 18. Bb2 {Hoping for cxd5.} (18. Ndb5 $5 {[%cal Rc4d5]}) 18... dxc4 19. bxc4 Rfd8 20. Ndb5 Qb8 21. Ne4 Nac5 22. Ned6 Rc6 23. Nd4 Rc7 $1 24. N4b5 Bxd6 25. exd6 (25. Rxd6 $5 {[%cal Rb5c7]} Rcc8 26. Rad1 $14) 25... Rc6 26. f4 Na4 27. Be5 $36 {[%mdl 2048] White fights for an advantage.} Nxe5 28. fxe5 a6 29. Nd4 Rc5 {Played: Rc6xc4} 0-1

[Event "18th IND-chT Women 2020"]
[Site "Ahmedabad"]
[Date "2020.02.13"]
[Round "7.1"]
[White "Gomes, Mary Ann"]
[Black "Anupam M Sreekumar"]
[Result "1-0"]
[WhiteElo "2344"]
[BlackElo "1745"]
[Annotator "TA"]
[PlyCount "99"]
[EventDate "2020.02.05"]
[EventCountry "IND"]
[SourceTitle "playchess.com"]
[Source "ChessBase"]
[SourceQuality "1"]

{[%evp 11,99,51,31,1,4,22,12,10,13,0,0,0,14,18,23,0,0,0,0,0,0,-14,16,-17,-10,-29,-16,-18,0,8,11,16,19,12,22,7,12,0,0,0,0,-35,169,166,172,173,187,195,191,194,202,191,201,188,193,200,201,193,180,0,185,180,187,185,215,215,352,337,519,512,471,471,471,464,766,798,941,900,1102,868,11963,11933,12834,3156,12816,29941,11041,6442,6436,5417]} 1. Nf3 Nf6 2. g3 g6 3. b3 Bg7 4. Bg2 O-O 5. Bb2 d6 6. d4 Nbd7 7. Nc3 {A49: 1 d4 Nf6 2 Nf3 g6 3 g3: Anti-King's Indian systems.} e5 8. dxe5 dxe5 9. Qd2 {The position is equal.} Re8 {[#]} 10. O-O-O $146 ({Predecessor:} 10. Ng5 h6 11. Nge4 Nxe4 12. Nxe4 f5 13. Nc3 e4 14. O-O-O Qf6 15. e3 c6 16. Qd6 {½-½ (33) Andreikin,D (2712)-Grischuk,A (2772) Huaian 2017}) 10... Qe7 11. Ng5 h6 12. Nge4 Nxe4 13. Bxe4 c6 14. Bg2 Nf6 15. h3 Be6 16. Qe3 Qb4 17. Na4 Bd5 18. Bf3 Bxf3 19. exf3 Nd5 20. Qc5 {Threatens to win with Rxd5.} Bf8 21. Qxb4 Nxb4 22. Nc3 Red8 23. Rhe1 f6 24. Ne4 Kf7 25. a3 $36 {[%mdl 2048] Strongly threatening Rxd8. White fights for an advantage.} Na6 26. b4 Nc7 $2 (26... Be7 $15) 27. Rxd8 $18 Rxd8 {[#]} 28. Nxf6 $1 {[%mdl 576] Remove Defender, Decoy} Kxf6 29. Bxe5+ {[%mdl 64] Double Attack} Kf7 {White must now prevent ...Nb5.} 30. Bxc7 {[%mdl 4096] Endgame KRB-KRB} Rd7 31. Be5 a5 32. Bc3 ({Don't play} 32. bxa5 $6 Bxa3+ 33. Bb2 Bc5 $16) 32... axb4 33. axb4 Rd5 34. Rd1 Ke6 35. Re1+ Kf7 36. Kb2 c5 37. Re4 Rf5 38. f4 g5 (38... Rd5 {is a better defense.} 39. Kb3 b5 40. bxc5 Bxc5) 39. Be5 gxf4 (39... Kg6 $142 40. g4 Rf7 41. f5+ Kh7 42. bxc5 Bxc5) 40. Rxf4 Ke6 41. Rxf5 Kxf5 {KB-KB} 42. Bf4 Ke4 (42... cxb4 $142 43. f3 b5) 43. bxc5 {[%mdl 64] [#] Overworked Piece} Bxc5 44. Bxh6 Bxf2 45. Bf4 b6 46. h4 Bc5 47. h5 (47. Kb3 $142 Kf5 48. h5) 47... Kf5 48. c4 Ke6 49. Kb3 Kf6 50. Ka4 {Accuracy: White = 85%, Black = 57%.} 1-0

[Event "18th IND-chT Women 2020"]
[Site "Ahmedabad"]
[Date "2020.02.13"]
[Round "7.2"]
[White "Anjitha Krishnakumar"]
[Black "Padmini, Rout"]
[Result "0-1"]
[WhiteElo "1444"]
[BlackElo "2372"]
[Annotator "TA"]
[PlyCount "110"]
[EventDate "2020.02.05"]
[EventCountry "IND"]
[SourceTitle "playchess.com"]
[Source "ChessBase"]
[SourceQuality "1"]

{[%evp 18,110,7,2,14,-8,9,10,41,57,45,0,0,-39,-45,-47,-42,-77,-68,-73,-74,-64,-47,-40,-41,-63,-70,-91,-70,-75,-64,-111,-114,-137,-124,-146,-137,-161,-106,-147,-151,-243,-166,-337,-331,-276,-206,-247,-255,-256,-252,-273,-270,-272,-252,-280,-301,-296,-284,-350,-316,-309,-293,-504,-486,-467,-285,-327,-324,-684,-576,-579,-380,-1502,-1480,-2471,-2471,-2258,-2234,-1667,-1640,-29981,-29982,-29983,-29984,-29982,-29983,-29987,-29988,-29991,-29992,-29992,-29993,-29993,-29994]} 1. e4 c5 2. Nf3 e6 3. c4 Nc6 4. d4 cxd4 5. Nxd4 Nf6 6. Nc3 Bb4 7. Nxc6 bxc6 8. Bd3 e5 9. O-O O-O 10. Be3 d6 {B44: Sicilian: Taimanov: 5 Nb5.} 11. h3 Nd7 12. Na4 {[#]} c5 $146 {The position is equal.} ({Predecessor:} 12... a5 13. a3 Bc5 14. Nxc5 Nxc5 15. Bc2 Ba6 16. b4 Ne6 17. Bd3 c5 18. b5 Bb7 {½-½ (42) Heldt,N (2009)-Hrabinska,M (2243) Pardubice 2019}) 13. Bc2 Qc7 14. Bg5 {And now Be7 would win.} (14. Qd3 {is interesting.} Rd8 15. Rad1 Nf8 16. f4 Ne6 17. f5) 14... Nb8 15. Nc3 Bxc3 $1 16. bxc3 Be6 17. Bb3 Nc6 18. Qd3 f6 19. Be3 Na5 20. f4 Rfb8 21. Rab1 Rb6 22. Rfd1 Rab8 23. f5 Bf7 24. Kh2 h6 25. Kg1 Qb7 26. Ra1 Qa6 27. Rab1 Bxc4 ({Much less strong is} 27... Nxb3 28. axb3 Rxb3 29. Rxb3 $17) (27... Kf8 $19 {[%cal Rf7c4]} 28. Bc2 Rxb1 29. Rxb1 Rxb1+ 30. Bxb1 Nxc4) 28. Bxc4+ Qxc4 29. Qc2 (29. Rxb6 $17 Rxb6 30. Qc2) 29... Kh7 30. Bd2 $2 (30. Bf2 {keeps fighting.}) 30... Nc6 $19 {aiming for ...Nd4!} 31. Rxb6 Rxb6 ({Don't play} 31... axb6 32. Be1 $19) 32. Be1 {[#]} Nd4 $1 {[%mdl 512]} 33. Qd3 (33. cxd4 Qxc2) 33... Ne2+ 34. Kf2 Qxd3 35. Rxd3 {[%mdl 4096] Endgame KRB-KRN} Nf4 36. Rd1 c4 37. Kf3 Nd3 38. Ke2 Rb2+ 39. Rd2 {If only White now had time for Rxb2....} Rb1 40. Rd1 $2 (40. Bf2) 40... Rxd1 41. Kxd1 Nxe1 42. Kxe1 {KP-KP} Kg8 43. Kd1 $2 (43. Kf2 Kf7 44. Kf3) 43... Kf7 44. Kc2 Ke7 45. Kb2 $2 {[#]} (45. g4 Kd8 46. Kd1) 45... d5 $1 {[%mdl 512]} 46. exd5 Kd6 47. Kc2 Kxd5 48. Kd2 Ke4 49. g4 Kf3 {Black mates.} 50. Ke1 Ke3 51. Kd1 Kf2 52. Kd2 e4 53. h4 e3+ 54. Kc2 e2 55. g5 e1=Q {Accuracy: White = 46%, Black = 83%.} 0-1

[Event "18th IND-chT Women 2020"]
[Site "Ahmedabad"]
[Date "2020.02.13"]
[Round "7.3"]
[White "Rakshitta, Ravi"]
[Black "Sheena, E.."]
[Result "1-0"]
[WhiteElo "2214"]
[BlackElo "1731"]
[Annotator "TA"]
[PlyCount "77"]
[EventDate "2020.02.05"]
[EventCountry "IND"]
[SourceTitle "playchess.com"]
[Source "ChessBase"]
[SourceQuality "1"]

{[%evp 9,77,35,34,16,25,-3,-16,-18,62,-17,1,-37,-36,-49,0,-35,-34,-68,-83,-77,-87,-69,30,23,33,51,64,68,74,0,0,0,0,0,0,0,0,0,0,0,0,0,6,0,0,-112,10,13,16,-46,0,0,0,0,0,0,15,25,18,24,22,26,22,11,30,12,202,0,0,0]} 1. e4 g6 2. d4 Bg7 3. Nc3 d6 4. Bg5 Nc6 5. d5 Ne5 6. f4 {B06: Modern Defence.} Nd7 7. Nf3 c6 8. Qd2 Nc5 {[#]} (8... cxd5 $11 9. Qxd5 Ngf6) 9. Bd3 $146 (9. e5 $14) ({Predecessor:} 9. O-O-O Qb6 10. e5 Bg4 11. Re1 O-O-O 12. dxc6 bxc6 13. Qe3 f6 14. Bh4 g5 15. fxg5 fxe5 {0-1 (67) Adams,M-McNab,C Edinburgh 1985}) 9... Qb6 10. Rb1 Bd7 11. Bh4 Nf6 (11... Bxc3 $5 12. Qxc3 Nf6 $15) 12. Bf2 (12. b4 $5 {[%cal Rb4c5]} Nxd3+ 13. cxd3 $11) 12... Ng4 13. Bd4 Bxd4 14. Nxd4 Nxd3+ 15. Qxd3 c5 ({Black should try} 15... e5 $15 16. dxe6 fxe6) 16. Nf3 $11 O-O 17. h3 c4 18. Qd4 Ne3 {[#]} 19. Qxb6 (19. Qd2 $1 $16) 19... axb6 20. Kf2 Nxc2 21. a3 b5 $1 22. Rbc1 b4 23. Rxc2 bxc3 24. Rxc3 b5 25. Ke3 h5 26. Kd4 Rfb8 27. Ne1 (27. Rhc1 $11 {remains equal.}) 27... e6 (27... b4 $17 28. axb4 Rxb4) 28. dxe6 fxe6 29. h4 (29. Nc2 $11) 29... Bc6 30. Nf3 Kg7 31. Ke3 Ra6 32. Nd4 Bd7 33. Nc2 Kf6 34. Nb4 Raa8 35. Rd1 Ke7 36. Rc2 Rb7 37. Rdd2 c3 $2 {[#]} (37... Rc7 $11) 38. Rd3 $2 ({Not} 38. bxc3 Rxa3 39. Rd4 Rc7 $11) ({White must play} 38. Rxc3 $18 {Threatens to win with Rcd3.} Be8 39. g3) 38... cxb2 39. Rxb2 {[%mdl 32768] Accuracy: White = 66%, Black = 69%. . Loss on time!?} 1-0

[Event "18th IND-chT Women 2020"]
[Site "Ahmedabad"]
[Date "2020.02.13"]
[Round "7.3"]
[White "Rakshitta, Ravi"]
[Black "Sheena, E.."]
[Result "*"]
[WhiteElo "2214"]
[BlackElo "1731"]
[Annotator "TA"]
[PlyCount "32"]
[EventDate "2020.02.05"]
[EventCountry "IND"]
[SourceTitle "playchess.com"]
[Source "ChessBase"]
[SourceQuality "1"]

{[%evp 5,5,37]} 1. e4 c6 2. d4 d5 3. Nc3 {[#]} {Predecessor:} dxe4 $146 4. Nxe4 Nf6 5. Nxf6+ exf6 6. c3 {B15: Caro-Kann: 3 Nc3: 3...g6 and 3...dxe4 4 Nxe4 Nf6 5 Nxf6+ exf6.} Bd6 7. Bd3 O-O 8. Qc2 Re8+ 9. Ne2 h5 10. O-O h4 11. h3 Nd7 12. Bf4 Nf8 13. Qd2 Ng6 14. Bxd6 Qxd6 15. Rae1 Be6 16. Bxg6 fxg6 {½-½ (30) Popov,I (2636)-Artemiev,V (2731) Moscow 2019} *

[Event "18th IND-chT Women 2020"]
[Site "Ahmedabad"]
[Date "2020.02.13"]
[Round "7.4"]
[White "Prajeesha K"]
[Black "Mohota, Nisha"]
[Result "*"]
[WhiteElo "1417"]
[BlackElo "2191"]
[Annotator "TA"]
[PlyCount "37"]
[EventDate "2020.02.05"]
[EventCountry "IND"]
[SourceTitle "playchess.com"]
[Source "ChessBase"]
[SourceQuality "1"]

{[%evp 9,37,31,31,22,28,21,45,16,31,-40,33,49,43,0,98,67,60,-4,-10,-11,0,-31,-23,-133,-141,-195,-150,-266,-158,-166]} 1. d4 f5 2. c4 Nf6 3. Nc3 d6 4. g3 g6 5. Bg2 Bg7 6. Qb3 {A86: Dutch Defence: Leningrad System: Unusual lines and 5 Nh3.} c6 7. Nf3 O-O 8. c5+ {White is slightly better.} Kh8 9. Ng5 {[#]} ({White should try} 9. cxd6 $14 exd6 10. O-O) 9... Qe8 $146 (9... dxc5 $15 10. dxc5 Qe8) ({Predecessor:} 9... d5 10. Bf4 h6 11. Nf3 Nbd7 12. Qc2 e6 13. Qd2 Kh7 14. h4 Nh5 15. O-O-O Nxf4 16. gxf4 {1-0 (44) Altenaehr,J (1423)-Musiol,L (1551) Dortmund 2004}) 10. cxd6 $14 exd6 11. Bf4 Qe7 (11... h6 $11 {keeps the balance.} 12. Nf3 Ne4) 12. h4 d5 13. Be5 (13. h5 $14 Nxh5 14. Bf3) 13... Nbd7 $11 14. Bf4 h6 15. Nh3 Ne4 16. Bxe4 (16. O-O $11) 16... fxe4 $17 ({But not} 16... dxe4 $6 17. Bd2 $15) 17. e3 (17. Be3 $17 {was forced.}) 17... Nf6 18. Qd1 (18. Ng1 $17) 18... Ng4 (18... Bg4 $19 19. Qa4 Bf3) 19. Qc2 {Accuracy: White = 34%, Black = 45%.} *

[Event "18th IND-chT Women 2020"]
[Site "Ahmedabad"]
[Date "2020.02.13"]
[Round "7.4"]
[White "Prajeesha K"]
[Black "Mohota, Nisha"]
[Result "0-1"]
[WhiteElo "1417"]
[BlackElo "2191"]
[Annotator "TA"]
[PlyCount "70"]
[EventDate "2020.02.05"]
[EventCountry "IND"]
[SourceTitle "playchess.com"]
[Source "ChessBase"]
[SourceQuality "1"]

{[%evp 9,70,17,25,19,22,24,26,16,33,-53,31,58,53,0,132,50,82,-32,-11,-1,-6,-31,-23,-136,-139,-176,-170,-197,-171,-214,-205,-295,-292,-300,-226,-242,-238,-252,-236,-296,-295,-302,-293,-440,-433,-429,-417,-428,-429,-496,-494,-553,-407,-589,-601,-929,-870,-877,-848,-820,-839,-1321,-1318]} 1. d4 f5 2. c4 Nf6 3. Nc3 d6 4. g3 g6 5. Bg2 Bg7 6. Qb3 {A86: Dutch Defence: Leningrad System: Unusual lines and 5 Nh3.} c6 7. Nf3 O-O 8. c5+ {White has an edge.} Kh8 9. Ng5 {[#]} (9. cxd6 $14 exd6 10. O-O) 9... Qe8 $146 (9... dxc5 $15 10. dxc5 Qe8) ({Predecessor:} 9... d5 10. Bf4 h6 11. Nf3 Nbd7 12. Qc2 e6 13. Qd2 Kh7 14. h4 Nh5 15. O-O-O Nxf4 16. gxf4 {1-0 (44) Altenaehr,J (1423)-Musiol,L (1551) Dortmund 2004}) 10. cxd6 $1 $14 exd6 11. Bf4 ({White should play} 11. d5 $14) 11... Qe7 {[#]} (11... h6 $11 {keeps the balance.} 12. Nf3 Ne4) 12. h4 (12. Qa3 $1 $16) 12... d5 {[#]} 13. Be5 (13. h5 $1 $16 {[%cal Rh5h6] h6 is the strong threat.} Nxh5 14. Bf3) 13... Nbd7 $15 {[%cal Bb8d7,Bd7b6,Bb6c4,Bc4b2][%mdl 32]} 14. Bf4 h6 15. Nh3 Ne4 16. Bxe4 (16. Qc2 $11 {remains equal.}) 16... fxe4 $17 ({Don't play} 16... dxe4 $6 17. Be3 $11) 17. e3 Nb6 18. Qd1 Nc4 19. Qc2 Bg4 20. Na4 (20. Rc1 {might work better.}) 20... Qb4+ $19 21. Kf1 b5 22. Nc5 Qxb2 23. Qxb2 Nxb2 24. Ng1 Nc4 25. Ke1 a5 26. f3 (26. a4 $142) 26... exf3 27. Kf2 Kg8 28. Rd1 Rae8 29. Nd3 Rf5 30. Nh3 Re7 31. Ne1 (31. Rc1 $142) 31... b4 {Black is clearly winning.} 32. Nxf3 Bxf3 33. Kxf3 Rxe3+ 34. Kf2 Ra3 35. Ra1 Bxd4+ {[%mdl 64] Double Attack. Accuracy: White = 26%, Black = 69%.} 0-1

[Event "18th IND-chT Women 2020"]
[Site "Ahmedabad"]
[Date "2020.02.13"]
[Round "7.5"]
[White "Nanditha V"]
[Black "Harshini A"]
[Result "*"]
[WhiteElo "1728"]
[BlackElo "2194"]
[Annotator "TA"]
[PlyCount "28"]
[EventDate "2020.02.05"]
[EventCountry "IND"]
[SourceTitle "playchess.com"]
[Source "ChessBase"]
[SourceQuality "1"]

{[%evp 9,9,-20]} 1. e4 e5 2. Bc4 Nc6 3. Nc3 Nf6 4. d3 Bc5 5. f4 {[#]} {Predecessor:} O-O $146 6. Nf3 {C28: Vienna Game: 2...Nf6 3 Bc4 Nc6.} exf4 7. Bxf4 d6 8. Qd2 Be6 9. Bg5 Bxc4 10. dxc4 Bb4 11. Qf4 Bxc3+ 12. bxc3 Qe7 13. Bxf6 Qxf6 14. Qxf6 gxf6 {½-½ (49) Ponomariov,R (2699)-Hou,Y (2666) Biel 2017} *

[Event "18th IND-chT Women 2020"]
[Site "Ahmedabad"]
[Date "2020.02.13"]
[Round "7.5"]
[White "Nanditha V"]
[Black "Harshini A"]
[Result "0-1"]
[WhiteElo "1728"]
[BlackElo "2194"]
[Annotator "TA"]
[PlyCount "56"]
[EventDate "2020.02.05"]
[EventCountry "IND"]
[SourceTitle "playchess.com"]
[Source "ChessBase"]
[SourceQuality "1"]

{[%evp 17,56,-7,-6,-5,0,0,2,0,25,0,0,-29,-41,-56,-14,-19,-14,-18,-8,-20,4,-4,0,-64,-59,-63,-66,-60,-63,-131,-131,-127,-120,-131,-129,-133,-121,-134,-93,-93,-94]} 1. e4 e5 2. Nf3 Nc6 3. Nc3 Nf6 4. d4 exd4 5. Nxd4 Bb4 6. Nxc6 bxc6 7. Bd3 d5 8. exd5 cxd5 9. O-O O-O 10. h3 {C47: Scotch Four Knights and Four Knights with 4 g3.} h6 11. Qf3 c6 12. a3 {[#] The position is equal.} Be7 $146 ({Predecessor:} 12... Bd6 13. Bf4 Bxf4 14. Qxf4 Be6 15. Na4 Nd7 16. b4 a5 17. Qd6 axb4 18. axb4 Qf6 {½-½ (38) Haria,R (2450)-Bareev,E (2638) chess.com INT 2020}) 13. b4 Nd7 14. Bf4 Bf6 15. Bf5 Ne5 16. Bxe5 $1 Bxe5 17. Bxc8 Qxc8 18. Rab1 Rd8 19. Rfd1 Rd6 20. b5 ({White should play} 20. Re1 $11 Re6 21. Na4) 20... Rf6 $36 {[%mdl 2048] White is under pressure.} 21. Qd3 Bxc3 $1 22. Qxc3 cxb5 23. Qxc8+ (23. Rb3 $15) 23... Rxc8 $17 24. Rxb5 Rxc2 $15 {KRR-KRR} 25. Rf1 Rd2 26. a4 a6 27. Rc5 Rd4 28. a5 Rd2 {Accuracy: White = 74%, Black = 86%.} 0-1

[Event "18th IND-chT Women 2020"]
[Site "Ahmedabad"]
[Date "2020.02.13"]
[Round "7.6"]
[White "Varshini, V."]
[Black "Kheerthi Ganta"]
[Result "1/2-1/2"]
[WhiteElo "2242"]
[BlackElo "1683"]
[Annotator "TA"]
[PlyCount "100"]
[EventDate "2020.02.05"]
[EventCountry "IND"]
[SourceTitle "playchess.com"]
[Source "ChessBase"]
[SourceQuality "1"]

{[%evp 13,100,12,15,19,48,0,0,0,0,0,0,0,0,-18,-18,-12,0,-75,-8,0,0,-18,0,-34,-29,-53,-10,-9,0,-16,0,0,0,-42,-37,-63,-6,-13,-21,-14,0,0,0,0,0,0,0,0,150,150,162,147,184,175,179,117,167,163,217,186,221,204,218,172,171,0,201,0,162,161,150,56,122,123,123,127,127,113,161,113,131,83,106,0,137,0,101,0,120]} 1. e4 c6 2. d4 d5 3. Nc3 dxe4 4. Nxe4 Bf5 5. Ng3 Bg6 6. Bc4 Nd7 7. N1e2 e6 8. h4 {B18: Classical Caro-Kann: 4...Bf5 sidelines.} h6 9. c3 Bd6 10. Nf4 Bxf4 11. Bxf4 {[#]} Ngf6 $146 ({Predecessor:} 11... Ndf6 12. h5 Bh7 13. O-O Ne7 14. Qf3 Ned5 15. Be5 O-O 16. Be2 b5 17. a4 a6 {1-0 (36) Medveski,M (1893)-Verma,A (1700) Chessfriend.com 2005}) 12. h5 Bh7 $1 13. Qf3 O-O 14. O-O Qb6 15. Rae1 (15. a4 $11) 15... Rfe8 (15... Qxb2 $17 16. Bd6 Rfc8) 16. Re2 c5 17. Be5 cxd4 18. cxd4 Rac8 19. Bb3 Nxe5 20. dxe5 Nd7 21. Rd1 Nc5 22. Red2 Red8 23. Rd6 Rxd6 24. Rxd6 Qa5 ({Black should play} 24... Qb4 $15 25. Qd1 Nxb3 26. Rd8+ Rxd8 27. Qxd8+ Qf8 28. Qxf8+ Kxf8 29. axb3 Ke7) 25. Qe3 Nxb3 26. axb3 Qa1+ 27. Kh2 $1 Qxb2 28. Rd7 $40 {[%mdl 128] Black needs to defend precisely.} Rf8 29. Rxb7 a5 30. Qc5 a4 (30... Bd3 $11) 31. Rc7 $1 $16 {[%cal Rc7c8] White threatens Rc8 and mate.} Bb1 32. bxa4 {[%cal Bb3a4,Ba4a5][%mdl 32]} Ba2 33. a5 Bd5 34. Qe3 (34. a6 $1 $18) 34... Qb8 35. Qc3 $1 Qa8 (35... Qb5 $142 36. f3 Rd8) 36. f3 $18 Qa6 37. Qc5 Ra8 38. Qe7 Rf8 39. Qc5 Ra8 $1 {[#]} 40. Qc3 $2 (40. Kh3 $1 $18) 40... Qb5 $2 (40... Rf8 $1 $11 {and Black stays safe.}) 41. Rc5 Qa4 {[#] ...Qh4+ is the strong threat.} 42. Kg1 (42. Kh3 $1 $16) 42... Rd8 (42... Qd1+ $14 43. Kh2 Qa4) 43. Rc8 $16 Rxc8 44. Qxc8+ Kh7 {Threatens to win with ...Qd4+.} 45. Qc3 Qd1+ 46. Kf2 Qa4 47. Ke3 Qh4 48. Kf2 Qa4 $1 49. Ke3 Qh4 50. Kf2 Qa4 $1 {Accuracy: White = 69%, Black = 68%.} 1/2-1/2

[Event "18th IND-chT Women 2020"]
[Site "Ahmedabad"]
[Date "2020.02.13"]
[Round "7.7"]
[White "Velpula Sarayu"]
[Black "Vaishali R"]
[Result "1-0"]
[WhiteElo "1867"]
[BlackElo "2382"]
[Annotator "TA"]
[PlyCount "69"]
[EventDate "2020.02.05"]
[EventCountry "IND"]
[SourceTitle "playchess.com"]
[Source "ChessBase"]
[SourceQuality "1"]

{[%evp 10,69,45,28,31,21,25,31,25,41,28,21,40,21,28,0,14,0,0,0,0,11,63,59,71,70,77,72,91,73,196,191,187,173,193,183,183,186,272,266,252,248,332,297,534,534,531,531,526,525,524,523,505,501,500,499,665,658,704,687,676,660]} 1. e4 c5 2. Nc3 Nc6 3. Bb5 Nd4 4. Nf3 e6 5. O-O Nxb5 6. Nxb5 d6 {B30: Sicilian: 2...Nc6 3 Bb5, lines without ...g6.} 7. d4 {[#] And now dxc5 would win.} a6 8. Nc3 {Strongly threatening dxc5.} cxd4 {White is slightly better.} 9. Qxd4 Nf6 10. Bg5 Be7 11. Rad1 {[#]} h6 $146 ({Predecessor:} 11... O-O 12. Bxf6 gxf6 13. a4 Kh8 14. Rd3 Rg8 15. Nd2 e5 16. Qe3 f5 17. f4 Qf8 {1-0 (79) Hou,Y (2578)-Dembo,Y (2446) Beijing 2008}) 12. Bh4 (12. Bxf6 {feels hotter.} Bxf6 13. e5 dxe5 14. Qc5 Qe7 15. Qb6) 12... O-O 13. Bxf6 (13. h3 {with more complications.} g5 14. e5 Ne8 15. exd6 Nxd6 16. Bg3) 13... Bxf6 14. Qxd6 Qxd6 15. Rxd6 Bxc3 (15... b5 $11) 16. bxc3 $14 b5 17. Ne5 $36 {[%mdl 2048] White is pushing.} Bb7 18. f3 Rac8 19. c4 bxc4 (19... f6 $16 {was worth a try.}) 20. Rb1 $18 Ba8 21. Rbb6 f6 22. Ng6 Rfe8 23. Rxa6 Rc7 (23... Bb7 {is a better defense.}) 24. Nf4 ({Resist} 24. Rxe6 $6 Rxe6 25. Rxe6 Kf7 $16) 24... e5 25. Ne6 Rb7 26. Kf2 Rb2 $2 {[#]} (26... Rbe7 27. a4 Bb7) 27. Nc7 {White is clearly winning.} Reb8 28. Rxa8 ({Weaker is} 28. Nxa8 Rxc2+ 29. Kg3 Rbb2 $16) 28... Rxc2+ 29. Kg3 Rxa8 30. Nxa8 Rxa2 {KRN-KR} 31. Nb6 c3 {intending ...Ra6.} 32. Rc6 h5 33. Rxc3 h4+ 34. Kh3 Kh7 35. Nd5 {Accuracy: White = 94%, Black = 55%.} 1-0

[Event "18th IND-chT Women 2020"]
[Site "Ahmedabad"]
[Date "2020.02.13"]
[Round "7.7"]
[White "Velpula Sarayu"]
[Black "Vaishali R"]
[Result "*"]
[WhiteElo "1867"]
[BlackElo "2382"]
[Annotator "TA"]
[PlyCount "21"]
[EventDate "2020.02.05"]
[EventCountry "IND"]
[SourceTitle "playchess.com"]
[Source "ChessBase"]
[SourceQuality "1"]

{[%evp 15,21,-8,-4,-8,3,-25,0,-6]} 1. Nf3 d5 2. d4 Nf6 3. Bf4 e6 4. e3 c5 5. Nbd2 Bd6 6. Bg3 O-O 7. c3 Qc7 8. Bd3 {8.dxc5 injects fresh life into this line.} Nbd7 9. O-O {D02: 1 d4 d5 2 Nf3 sidelines, including 2...Nf6 3 g3 and 2...Nf6 3 Bf4.} b6 10. Qe2 Bb7 {[#]} 11. e4 $146 ({Predecessor:} 11. Rac1 Bxg3 12. hxg3 Qd6 13. Rfe1 Rfe8 14. Bb5 a6 15. Ba4 b5 16. dxc5 Nxc5 17. Bc2 Rac8 18. Rcd1 Qb6 19. Ne5 b4 20. c4 dxc4 21. Ndxc4 Qc7 22. Nd6 {1-0 (22) Thomsen,B (2052)-Hansen,J (1603) Faroe Islands 2018}) *